The science of elocution: with exercises and selections systematically arranged for acquiring the art of reading and speaking. (Record no. 4329)

MARC details
000 -LEADER
fixed length control field 00822cam a2200241u 4500
001 - CONTROL NUMBER
control field 6354040
003 - CONTROL NUMBER IDENTIFIER
control field OSt
005 - DATE AND TIME OF LATEST TRANSACTION
control field 20181204183400.0
008 - FIXED-LENGTH DATA ELEMENTS--GENERAL INFORMATION
fixed length control field 830309s1872 nyu 000 0 eng
010 ## - LIBRARY OF CONGRESS CONTROL NUMBER
LC control number 11016255
040 ## - CATALOGING SOURCE
Original cataloging agency DLC
Transcribing agency CarP
Modifying agency DLC
050 00 - LIBRARY OF CONGRESS CALL NUMBER
Classification number PN4111
Item number .H35 1872
082 ## - DEWEY DECIMAL CLASSIFICATION NUMBER
Classification number 808.5
Item number H217H
100 1# - MAIN ENTRY--PERSONAL NAME
Personal name Hamill, S. S. [from old catalog]
245 04 - TITLE STATEMENT
Title The science of elocution: with exercises and selections systematically arranged for acquiring the art of reading and speaking.
260 ## - PUBLICATION, DISTRIBUTION, ETC.
Place of publication, distribution, etc. New York,
Name of publisher, distributor, etc. Nelson & Phillips,
Date of publication, distribution, etc. 1872.
300 ## - PHYSICAL DESCRIPTION
Extent 388 p.
Dimensions 19 cm.
530 ## - ADDITIONAL PHYSICAL FORM AVAILABLE NOTE
Additional physical form available note Also available in digital form on the Internet Archive Web site.
650 #0 - SUBJECT ADDED ENTRY--TOPICAL TERM
Topical term or geographic name entry element Elocution.
856 41 - ELECTRONIC LOCATION AND ACCESS
Uniform Resource Identifier <a href="http://hdl.loc.gov/loc.gdc/scd0001.0021958281A">http://hdl.loc.gov/loc.gdc/scd0001.0021958281A</a>
906 ## - LOCAL DATA ELEMENT F, LDF (RLIN)
a 0
b cbc
c premunv
d u
e ncip
f 19
g y-gencatlg
942 ## - ADDED ENTRY ELEMENTS (KOHA)
Source of classification or shelving scheme Dewey Decimal Classification
Koha item type Books
Holdings
Withdrawn status Lost status Source of classification or shelving scheme Damaged status Not for loan Collection code Home library Current library Shelving location Date acquired Cost, normal purchase price Total Checkouts Full call number Barcode Date last seen Price effective from Koha item type
    Dewey Decimal Classification   Not For Loan Non-fiction Harvest Mission College Harvest Mission College General Stacks 04.12.2018 120.00   808.5 H217H 004938 04.12.2018 04.12.2018 Books

OPAC Designed and Maintained by HMC Library Team.
Copyright © HMC Library,Greater Noida, UP.
For any Suggestions/Query Contact library via Email:libhmc@gmail.com